00854nam a2200241 a 450000100060000000300080000600500170001400800410003103500190007204000320009104100080012308200180013110000180014924501220016726000290028930000340031849000130035250001170036565000470048270000400052970000300056983000130059930019BD-RjUL20211209051510.0140408s1970 nyua b 001 0 eng d a(BD-RjUL)30104 aDLCcDLCdm.cdBD-RjULbeng aeng04a150bKRE 19701 aKrech, David.10aExamination Questions to Accompany Elements of psychology /cby David Krech and Richard S. Crutchfield, Norman Livson aNew York :bKnopf,c1970 a[221] leaves :bill. ;c23 cm aSeries 1 a"Test items suitable for use with Elements of psychology, 2d ed., and Elements of psychology: a briefer course." aPsychologyxExaminations, questions, etc. 1 aCrutchfield, Richard S. , jt. auth.1 aLivson, Norman, jt. auth. aSeries 1